000 00905naa a22002537a 4500
001 BR8106327
003 BR-BrBNA
005 20240918174950.0
007 ta
008 230509b bl.||||| |||| 00| 0 por d
040 _aBR-BrBNA
_bpor
_cBiblioteca Nacional de Agricultura
041 _a(Pt)
072 _aP10
_b/G514
090 _aP10 BR8106327
100 1 _aWright, S.
245 1 _aDa fisica e da quimica das aguas do nordeste do Brasil. 6: Condicoes quimicas
260 3 _aFortaleza, CE (Brasil):
_c1981.
500 _a2. Coletanea de trabalhos tecnicos. Pesca e piscicultura Fortaleza, CE (Brasil): 1981. p. 105-142 (BR8106327-AM)P10
650 _aQUIMICA DA AGUA
650 _aREGIAO NORDESTE
773 0 _t2. Coletanea de trabalhos tecnicos. Pesca e piscicultura
_wP10 BR8106327
_gFortaleza, CE (Brasil), 1981. p. 105-142
909 _a202404
_bLucia
_c55
_dLucia Elande
942 _cAM
_2AGRIS
999 _c314395
_d314395